Capital of Chinese Provinces - Statistics

General Stats
  • This quiz has been taken 81 times
  • The average score is 20 of 27
Answer Stats
Type Name Answer % Correct
Autonomous Region Xinjiang Uyghur Ürümqi
95%
Province Shaanxi Xi'an
95%
Province Sichuan Chengdu
93%
Province Hubei Wuhan
93%
Autonomous Region Tibet Lhasa
92%
Province Guangdong Guangzhou
90%
Province Heilongjiang Harbin
87%
Province Hunan Changsha
80%
Province Fujian Fuzhou
80%
Province Yunnan Kunming
80%
Province Zhejiang Hangzhou
77%
Autonomous Region Inner Mongolia Hohhot
75%
Province Shandong Jinan
73%
Province Jiangsu Nanjing
73%
Province Hainan Haikou
70%
Province Anhui Hefei
70%
Autonomous Region Guangxi Nanning
68%
Province Henan Zhengzhou
68%
Province Liaoning Shenyang
67%
Province Hebei Shijiazhuang
65%
Province Jilin Changchun
62%
Province Guizhou Guiyang
62%
Province Gansu Lanzhou
62%
Province Qinghai Xining
60%
Province Shanxi Taiyuan
58%
Province Jiangxi Nanchang
52%
Autonomous Region Ningxia Yinchuan
50%
No matching quizzes found
Score Distribution
Percent of People with Each Score
Percentile by Number Answered
Your Score History
You have not taken this quiz